| 000 | 00833nam a22002177a 4500 | ||
|---|---|---|---|
| 999 |
_c14004 _d14004 |
||
| 003 | AR-CdUCM | ||
| 008 | 190417b ||||| |||| 00| 0 spa d | ||
| 040 |
_aMUNICIPALIDAD PROVINCIAL DEL CUSCO _cBIBLIOTECA MUNICIPAL DEL CUSCO |
||
| 082 |
_a378 / _bC81 |
||
| 110 |
_aILLA TAREA _932662 |
||
| 245 | _aComunicacion popular n° 1 / | ||
| 260 |
_aPeru : _bTalleres Fenix, _c1981. |
||
| 300 |
_a64 paginas : _bIlustraciones, _c21 cm. |
||
| 505 | _aContenido : La experiencia de DESCO en audiovisuales -- Avances de evaluación de nuestro fotomontaje -- Reflexiones sobre el folleto ilustrado -- Apuntes metodológicos... | ||
| 650 |
_aComunicación _94985 |
||
| 650 |
_aLenguaje _95227 |
||
| 650 |
_aEducación popular _94875 |
||
| 710 |
_aDESCO - CEDHIP - TACIF - MINKA _932663 |
||
| 942 |
_2ddc _cFOLLETOS |
||
| 945 |
_awnts _d2019-04-17 |
||